1681 1131 1897 1559 1977 1571 1728 1767 1260 1841 1879 1953 1801 1092 1351 1374 1793 1009 1717 1632 1378 1654 1553 1879 1825 1065 1810 1584 1084 1357 1814 1469 1237 1295 1045 1648 1130 1529 1723 1496 1128 1250 1580 1547 1512 1101 1635 1933 1047 1827 1155 1517 1776 1969 1455 1045 1026 1520 1131 1271 1971 1969 1943 1478 1128 1083 1778 1569 1647 1052 1002 1684 1394 1636 1271 1168 1279 1848 1037 1211 1630 1449 1895 1962 1556 1644 1112 1588 1532 1031 1130 1045 1336 1631 1218 1539 1136 1257 1005 BCNSPRNW ULIB Ver.6.0+V

เปลี่ยนเป็นภาษาไทย

Change to English
 แสดงรายละเอียดบรรณานุกรม
  กลับหน้าหลัก

Brief Record : Get Marc (ISO 2709) : E-mail record : QR code < ปิดหน้าต่าง
LEADER : 00000nam 2200000uu 4500
001    13399125084
003     ULIB
008    160620s2558||||th 000 0 tha d
020    ^a9786163822451
060 04 ^aW74^bว712ห
100 0  ^aวิโรจน์ ไววานิชกิจ
245 10 ^aหลักเศรษฐศาสตร์สาธารณสุขเบื้องต้น สำหรับพยาบาล แพทย์ และบุคลากรทางแพทย์ /^cวิโรจน์ ไววานิชกิจ
250    ^aพิมพ์ครั้งแรก
260    ^aกรุงเทพฯ :^bโรงพิมพ์แห่งจุฬาลงกรณ์มหาวิทยาลัย,^c2558
300    ^a94 หน้า ;^c21 ซม.
650  4 ^aวิจัย
650  4 ^aเศรษฐศาสตร์การแพทย์
650  4 ^aสาธารณสุข^vวิจัย
945    ^p330^l0^i001253
945    ^p330^l0^i001252
945    ^p330^l0^i001251
999    ^aเกษร โพธิ์สุวรรณ
รายการนี้ยังไม่มีแท็ก
คุณยังไม่ได้ล็อกอิน คุณสามารถมีกิจกรรมร่วมกับเว็บไซต์ได้ แต่ต้องล็อกอินก่อน ::
  ล็อกอิน

รายการสื่อสารสนเทศ

ลำดับที่ ประเภท เลขเรียก/บาร์โค้ด สถานที่ สถานะ
1. วิทยาศาสตร์การแพทย์ และสุขภาพ
วิทยาศาสตร์การแพทย์ และสุขภาพ
สถานะ=หนังสือเก่า
W74 ว712ห ฉ.1 
  Barcode: 001251
ห้องสมุดวิทยาเขตสวรรค์ประชารักษ์
►ส่วนจัดเก็บหนังสือเก่า สปร
บนชั้น
  ขอยืม
2. วิทยาศาสตร์การแพทย์ และสุขภาพ
วิทยาศาสตร์การแพทย์ และสุขภาพ
สถานะ=หนังสือเก่า
W74 ว712ห ฉ.2 
  Barcode: 001252
ห้องสมุดวิทยาเขตสวรรค์ประชารักษ์
►ส่วนจัดเก็บหนังสือเก่า สปร
บนชั้น
  ขอยืม
3. วิทยาศาสตร์การแพทย์ และสุขภาพ
วิทยาศาสตร์การแพทย์ และสุขภาพ
สถานะ=หนังสือเก่า
W74 ว712ห ฉ.3 
  Barcode: 001253
ห้องสมุดวิทยาเขตสวรรค์ประชารักษ์
►ส่วนจัดเก็บหนังสือเก่า สปร
บนชั้น
  ขอยืม

รายการใกล้เคียง
    ผู้แต่ง [วิโรจน์ ไววานิชกิจ]

    หัวเรื่อง [วิจัย]
    หัวเรื่อง [เศรษฐศาสตร์การแพทย์]
    หัวเรื่อง [สาธารณสุข วิจัย]

BibComment


ยังไม่เคยถูกคอมเมนท์

คอมเมนท์ทรัพยากรรายการนี้
  คอมเมนท์: หลักเศรษฐศาสตร์ส..


 Copyright 2026. Bcnsprnw @Library